| 000 | 00510nam a22001697a 4500 | ||
|---|---|---|---|
| 003 | BD-DhUL | ||
| 005 | 20181129110239.0 | ||
| 008 | 181129s1968 pk ||||| |||| 00| 0 urd d | ||
| 040 |
_aBD-DhUL _cBD-DhUL |
||
| 082 |
_a891.433 _bSHH |
||
| 100 | 0 | _aشمشاد عثمانی | |
| 245 | 1 | 0 |
_aھمکنار : ایک نفیاتی ناول / _cشمشاد عثمانی |
| 260 |
_aکراچی : _bجادیر پریس، _c۔۱۹۶۸ |
||
| 300 |
_aص۔ ۳۴۴ ؛ _c۲۴ سم۔ |
||
| 650 | 4 | _aUrdu fiction | |
| 942 |
_2ddc _cBK |
||
| 999 |
_c244889 _d244889 |
||